ADOPTION OF ELECTRONIC HEALTHCARE SEERVICES IN RURAL AREAS OF KENYA WITH REFERENCE TO MERU COUNTY (Record no. 216044)

MARC details
000 -LEADER
fixed length control field 00427nam a22001337a 4500
008 - FIXED-LENGTH DATA ELEMENTS--GENERAL INFORMATION
fixed length control field 250820b |||||||| |||| 00| 0 eng d
050 ## - LIBRARY OF CONGRESS CALL NUMBER
Classification number THE R 855 .3 .N598 2015
Item number C. 1
100 ## - MAIN ENTRY--PERSONAL NAME
Personal name NJIRU, NJUE FRANCIS
245 ## - TITLE STATEMENT
Title ADOPTION OF ELECTRONIC HEALTHCARE SEERVICES IN RURAL AREAS OF KENYA WITH REFERENCE TO MERU COUNTY
260 ## - PUBLICATION, DISTRIBUTION, ETC.
Place of publication, distribution, etc. KENYA
Name of publisher, distributor, etc. KISII UNIVERSITY
Date of publication, distribution, etc. 2015
300 ## - PHYSICAL DESCRIPTION
Extent X,67
942 ## - ADDED ENTRY ELEMENTS (KOHA)
Source of classification or shelving scheme Library of Congress Classification
Koha item type Reference
Holdings
Withdrawn status Lost status Source of classification or shelving scheme Damaged status Not for loan Collection Home library Current library Shelving location Date acquired Inventory number Total checkouts Full call number Barcode Date last seen Copy number Price effective from Koha item type
    Library of Congress Classification     Special Research Kisii University Library Kisii University Library On Display 08/20/2025 83698   THE R 855 .3 .N598 2015 000000024396 08/20/2025 C.1 08/20/2025 Reference